000 005270000a22001690004500
001 768714001
003 CO-MdFUSB
005 20170613121101.0
008 170613s1998 xxu||||| |||| 00| 0 sp d
040 _aCO-MdFUSB
_bspa
_cCO-MdFUSB
_dCO-MdFUSB
041 _aspa
245 1 0 _a¡Victoria en la vida! :
_b¡la familia está bajo amenaza!
300 _aNúmero 3 (1998), Páginas 2-4
_c28 cm.
546 _aTexto en español
773 0 _tBuenas Noticias
_049455
_960509
_gNúmero 3 (1998), Páginas 2-4
_qPágina 2
942 _cANA
999 _c50874
_d50874